01272nam a22003377a 4500001000400000003000600004005001700010008004100027040003000068042000900098050002300107082001600130100002100146245006500167260003200232300002900264520017500293521001900468521001800487650001900505650002200524650002700546650002200573650002200595700002900617856008500646906004500731942001500776999001300791952013000804258FISKH20230313091512.0230313b cb ||||| |||| 00| 0 eng d aDLCcDLCdDLCdFISKHbeng alcac00aPZ7.C5792bSt 199100a813.54 2201 aCleary, Beverly.10aStrider /cBeverly Cleary ; illustrated by Paul O. Zelinsky. aNew YorkbScholasticc1991. a152 p. :bill. ;c20 cm. aIn a series of diary entries, Leigh tells how he comes to terms with his parents' divorce, acquires joint custody of an abandoned dog, and joins the track team at school.8 a840 bLexile8 aO bRaz-Plus 1aDogsxFiction. 1aDivorcexFiction. 1aHigh schoolsxFiction. 1aSchoolsxFiction. 1aDiariesxFiction.1 aZelinsky, Paul O.,eill.423Publisher descriptionuhttp://www.loc.gov/catdir/description/hc043/90006608.html a7bcbccorignewd1eocipf19gy-gencatlg 2ddccBKn0 c258d258 00102ddc40708JUVFa001b001cATKSFd2023-03-13l0oCLE 813.54 PZ7.C5792 pFISTK00505r2023-03-13 00:00:00w2023-03-13yBK